• 首页
  • 本馆介绍
  • 公告通知
  • 最新文献
  • 馆藏检索
  • 电子资源
  • 读者导购
  • 参考咨询
  • 我的图书馆
  • 登录
  • 详细信息显示
  • 放入我的书架
  • 预约/预借图书
  • 作者相关作品
  • 分类相关作品
  • 丛书相关作品
  • 出版社相关作品

书目信息

  • 表格格式
  • 工作单格式
  • 卡片格式
题名:
连续介质力学引论
    
 
作者: 杜〓 著
分册:  
出版信息: 北京   清华大学出版社  1985
页数: 288页
开本: 20cm
丛书名: 应用数学丛书
单 册:
中图分类: O33
科图分类:
主题词: 连续介质力学
电子资源:
ISBN: 15235.147
000 00725oam2 2200277 450
001 0185009959
005 20100712221218.0
010    @a15235.147@dCNY3.5
091    @a15235.147
100    @a19900904d1985 emky0chiy0120 ea
101 0  @achi
102    @aCN@b110000
105    @ay z 000yy
106    @ar
200 1  @a连续介质力学引论@9Lian Xu Jie Zhi Li Xue Yin Lun @f杜〓著
210    @a北京@c清华大学出版社@d1985
215    @a288页@d20cm
225 2  @a应用数学丛书@v2
304    @a封面著者题名:杜珣
393    @a〓=[日 旬](xun)
461  0 @12001 @a应用数学丛书
606 0  @a连续介质力学
690    @aO33@v3
701  0 @a杜〓@9du xun@4著
801  0 @aCN@bAzMarc@c20130904
905    @aBZT@dO33@e2@f1@sO33/2
    
    连续介质力学引论/杜〓著.-北京:清华大学出版社,1985
    288页;20cm.-(应用数学丛书;2)
    
    
    ISBN 15235.147:CNY3.5
    
●
相关链接 在五车中查询图书 在当当中查询图书 在豆瓣中查询图书


正题名:连续介质力学引论     索取号:O33/2         预约/预借

序号 登录号 条形码 馆藏地/架位号 状态 备注
1 2000075251   2000075251   旧书回溯/ [索取号:O33/2] 在馆    
山东省滨州职业学院图书馆 欢迎您!
大连网信软件有限公司© 版权所有